| 000 | 00826nam a2200229 i 4500 | ||
|---|---|---|---|
| 001 | 143629 | ||
| 003 | ES-MaACL | ||
| 005 | 20240511063038.0 | ||
| 007 | t| | ||
| 008 | 070214s1980 sp r ||||1| spa d | ||
| 100 | 0 |
_aSese, Bernard, _d1929- _9105875 |
|
| 245 | 1 | 0 |
_aAntonio Machado _b: (1875-1939) : el hombre, el poeta, el pensador / _cBernard Sese ; prólogo de Jorge Guillén ; versión... Soledad García Mouton. |
| 260 |
_aMadrid : _bGredos, _c1980. |
||
| 300 |
_a2 v. ; _c20 cm. |
||
| 490 | 0 |
_aBiblioteca románica hispánica. II. Estudios y ensayos ; _v299 _9178108 |
|
| 600 | 1 | 4 |
_aMachado, Antonio, _d1875-1939 _975151 |
| 700 | 1 |
_aGuillén, Jorge, _d1893-1984 _960765 |
|
| 700 | 1 |
_aMouton, Soledad G. _955008 |
|
| 852 |
_aES-MaACL _jA-10808-9 _bR.99996 |
||
| 942 | _2udc | ||
| 999 |
_c143629 _d143629 |
||